• 首页
  • 本馆介绍
  • 公告通知
  • 最新文献
  • 馆藏检索
  • 电子资源
  • 读者导购
  • 参考咨询
  • 我的图书馆
  • 登录
  • 详细信息显示
  • 放入我的书架
  • 预约/预借图书
  • 作者相关作品
  • 分类相关作品
  • 丛书相关作品
  • 出版社相关作品

书目信息

  • 表格格式
  • 工作单格式
  • 卡片格式
题名:
汽车设计
    
 
作者: 过学迅 主编
分册:  
出版信息: 北京   人民交通出版社  2013.08
页数: 293页
开本: 26cm
丛书名:
单 册:
中图分类: U462
科图分类:
主题词: 汽车--qi che--设计--高等教育--教材 , 汽车--qi che
电子资源:
ISBN: 978-7-114-10652-1
000 00924nam0 2200265 450
001 0109110233
005 20201109145329.24
010    @a978-7-114-10652-1@dCNY38.00
100    @a20140429e20192013em y0chiy50 ea
101 0  @achi
102    @aCN@b110000
105    @aa zq 000yy
106    @ar
200 1  @a汽车设计@Aqi che she ji@f过学迅主编
205    @a2版
210    @a北京@c人民交通出版社@d2013.08@h2019.12
215    @a293页@c图@d26cm
300    @a“十二五”普通高等教育车辆工程专业规划教材
330    @a本书共10章,分别介绍了汽车产品开发的一般过程、汽车总体设计的基本内容;讲述了汽车传动系统、行驶系统、转向系统和制动系统中各总成设计的要求、结构方案的选择、主要参数的确定、主要零部件的强度计算等。
606 0  @a汽车@Aqi che@x设计@x高等教育@j教材
606 0  @a汽车@Aqi che
690    @aU462@v5
701  0 @a过学迅@Aguo xue xun@4主编
801  0 @aCN@bBJSZM@c20201103
905    @b1241475-8@dU462@e957=2@f4
    
    汽车设计/过学迅主编.-2版.-北京:人民交通出版社,2013.08(2019.12)
    293页:图;26cm
    “十二五”普通高等教育车辆工程专业规划教材
    
    ISBN 978-7-114-10652-1:CNY38.00
    本书共10章,分别介绍了汽车产品开发的一般过程、汽车总体设计的基本内容;讲述了汽车传动系统、行驶系统、转向系统和制动系统中各总成设计的要求、结构方案的选择、主要参数的确定、主要零部件的强度计算等。
●
相关链接 在E读中查询图书 在五车中查询图书 在当当中查询图书 在豆瓣中查询图书


正题名:汽车设计     索取号:U462/957=2         预约/预借

序号 登录号 条形码 馆藏地/架位号 状态 备注
1 1241475   212414751   第二样本阅览室/ [索取号:U462/957=2] 在馆    
2 1241476   212414760   第三借阅区/ [索取号:U462/957=2] 在馆    
3 1241477   212414779   第三借阅区/ [索取号:U462/957=2] 在馆    
4 1241478   212414788   第三借阅区/ [索取号:U462/957=2] 在馆    
唐山师范学院图书馆 欢迎您!
大连网信软件有限公司© 版权所有